Представление документа в формате MARC21

Поле Инд. ПП Название Значение
Тип записи a
Библиографический уровень a
001 Контрольный номер 900fc46d49bf4944b99ec0f430b1200f
005 Дата корректировки 20170301114522.6
020 a ISBN 5-02-010266-0
040 a Служба первич. каталог. НБ ТвГУ
b Код языка каталог. rus
e Правила каталог. PSBO
041 0_ a Код языка текста rus
097 b Оператор novikova
100 1_ a Автор Агишев Сергей Юрьевич
q Полное имя Агишев С. Ю.
245 10 a Заглавие Структура родственных отношений в Норвегии во второй половине XIII - первой половине XIV века
260 a Место издания Москва
b Издательство Наука
504 a Библиография Библиогр.: с. 55-57 (69 назв.)
520 0_ a Аннотация В данной работе рассматривается проблема эволюции родственных отношений в Норвегии во второй половине XIII - первой половине XIV века. Раскрывается одна из сторон семейных и гражданско-правовых отношений в Норвегии: о выделении малой семьи.
653 0_ a Ключевые слова 13-14 вв.
a Ключевые слова Норвегия, страна
a Ключевые слова Родственные отношения
a Ключевые слова Ландслов
a Ключевые слова Свод древненорвежского права
a Ключевые слова Родство
a Ключевые слова Наследование
a Ключевые слова Малая семья
773 18 w Контрольный № источника RU/IS/BASE/318428191
t Название источника Северная Европа
d Место и дата издания Москва : Наука, 2005
g Прочая информация Вып. 5. - С. 37-57
901 t Тип документа a
920 a Оператор Нови